Právní zvláštnosti teleshoppingu
Regulácia teleshoppingu právnymi predpismi. Teleshopping a mediálny zákon. Časové obmedzenie v televíznom vysielaní. Teleshopping v rozhlase. Teleshopping a alkoholické nápoje. Platnosť zákona o regulácii reklamy. Povinnosť pravdivo informovať o vlastnostiach výrobkov. Reklamácie.
Salvato in:
| Autore principale: | |
|---|---|
| Natura: | Capitolo di libro |
| Lingua: | ceco |
| Soggetti: | |
| Tags: |
Nessun Tag, puoi essere il primo ad aggiungerne!!
|
MARC
| LEADER | 00000naa$a2200000$$$4500 | ||
|---|---|---|---|
| 001 | 0037612 | ||
| 005 | 20231018124942.2 | ||
| 041 | 0 | |a cze | |
| 044 | |a CZ | ||
| 245 | 1 | 0 | |a Právní zvláštnosti teleshoppingu |c Petr Kůta |
| 520 | |a Regulácia teleshoppingu právnymi predpismi. Teleshopping a mediálny zákon. Časové obmedzenie v televíznom vysielaní. Teleshopping v rozhlase. Teleshopping a alkoholické nápoje. Platnosť zákona o regulácii reklamy. Povinnosť pravdivo informovať o vlastnostiach výrobkov. Reklamácie. | ||
| 610 | 2 | 0 | |a reklama |
| 610 | 2 | 0 | |a podpora predaja |
| 610 | 2 | 0 | |a médiá |
| 610 | 2 | 0 | |a televízia |
| 610 | 2 | 0 | |a rozhlas |
| 610 | 2 | 0 | |a predpisy právne |
| 610 | 2 | 0 | |a legislatíva |
| 610 | 2 | 0 | |a Česko |
| 100 | 1 | |a Kůta, Petr | |